LEADER 02727nam 22005895 450 001 9910763599103321 005 20231114100528.0 010 $a9783031451706 010 $a3031451708 024 7 $a10.1007/978-3-031-45170-6 035 $a(CKB)28853288200041 035 $a(MiAaPQ)EBC30943645 035 $a(Au-PeEL)EBL30943645 035 $a(DE-He213)978-3-031-45170-6 035 $a(OCoLC)1409697081 035 $a(EXLCZ)9928853288200041 100 $a20231114d2023 u| 0 101 0 $aeng 135 $aur||||||||||| 181 $ctxt$2rdacontent 182 $cc$2rdamedia 183 $acr$2rdacarrier 200 10$aPattern Recognition and Machine Intelligence $e10th International Conference, PReMI 2023, Kolkata, India, December 12?15, 2023, Proceedings /$fedited by Pradipta Maji, Tingwen Huang, Nikhil R. Pal, Santanu Chaudhury, Rajat K. De 205 $a1st ed. 2023. 210 1$aCham :$cSpringer Nature Switzerland :$cImprint: Springer,$d2023. 215 $a1 online resource (892 pages) 225 1 $aLecture Notes in Computer Science,$x1611-3349 ;$v14301 311 08$a9783031451690 327 $aPattern Recognition -- Machine Learning -- Deep Learning -- Statistical Learning -- Cognitive Computing -- Computational Intelligence -- Medical Imaging -- Image and Video Processing -- Computer Vision -- Soft Computing -- Information Security -- Signal Processing -- Computational Neurology -- Biometrics -- Bioinformatics. 330 $aThe LNCS volume constitutes the refereed proceedings of 10th International Conference, PReMI 2023, in Kolkata, India, in December 2023. The 91 full papers, presented together with abstracts of 6 keynote and invited talks, were carefully reviewed and selected from more than 300 submissions. The conference presents topics covering different aspects of pattern recognition and machine intelligence with real life state-of-the-art applications. 410 0$aLecture Notes in Computer Science,$x1611-3349 ;$v14301 606 $aPattern recognition systems 606 $aComputer vision 606 $aAutomated Pattern Recognition 606 $aComputer Vision 615 0$aPattern recognition systems. 615 0$aComputer vision. 615 14$aAutomated Pattern Recognition. 615 24$aComputer Vision. 676 $a006.4 700 $aMaji$b Pradipta$0973674 701 $aHuang$b Tingwen$01439128 701 $aPal$b Nikhil R$01193221 701 $aChaudhury$b Santanu$01382017 701 $aDe$b Rajat K$080185 801 0$bMiAaPQ 801 1$bMiAaPQ 801 2$bMiAaPQ 906 $aBOOK 912 $a9910763599103321 996 $aPattern Recognition and Machine Intelligence$93601329 997 $aUNINA LEADER 01834nas 2200493-a 450 001 9911021979503321 005 20260218111759.0 011 $a2353-8112 035 $a(CKB)2550000000028887 035 $a(CONSER)--2007209126 035 $a(DE-599)ZDB3231690-2 035 $a(DE-599)3231690-2 035 $a(EXLCZ)992550000000028887 100 $a20070122a20069999 --- - 101 0 $apol 181 $ctxt$2rdacontent 182 $cc$2rdamedia 183 $acr$2rdacarrier 200 00$aColloquia litteraria $epó?rocznik Instytutu Filologii Polskiej Unwersytetu Kardyna?a Stefana Wyszy?skiego w Warszawie 210 $aWarszawa $cWydawnictwo Uniwersytetu Kardyna?a Stefana Wyszy?skiego$d2006- 215 $a1 online resource 311 08$aPrint version: Colloquia litteraria : (DLC) 2007209126 (OCoLC)79474414 1896-3455 606 $aPolish literature$xHistory and criticism$vPeriodicals 606 $aLiterature$xHistory and criticism$vPeriodicals 606 $aLittérature polonaise$xHistoire et critique$vPériodiques 606 $aLiterature$2fast$3(OCoLC)fst00999953 606 $aPolish literature$2fast$3(OCoLC)fst01069089 608 $aCriticism, interpretation, etc.$2fast 608 $aPeriodicals.$2fast 615 0$aPolish literature$xHistory and criticism 615 0$aLiterature$xHistory and criticism 615 6$aLittérature polonaise$xHistoire et critique 615 7$aLiterature. 615 7$aPolish literature. 686 $a17.70$2bcl 686 $a18.58$2bcl 686 $a450$2zdbs 686 $a7,40$2ssgn 712 02$aUniwersytet Kardyna?a Stefana Wyszy?skiego w Warszawie.$bInstytut Filologii Polskiej. 906 $aJOURNAL 912 $a9911021979503321 920 $aexl_impl conversion 996 $aColloquia litteraria$94429382 997 $aUNINA